US Army military and commemorations decorations - Statistics

General Stats
  • This quiz has been taken 40 times
  • The average score is 8 of 24
Answer Stats
Picture Answer % Correct
Medal of Honor
100%
Purple Heart
100%
Bronze Star
81%
Silver Star
72%
National Defense Service Medal
59%
Afghanistan Campaign Medal
50%
Distinguished Service Medal (U.S. Army)
50%
Navy Cross
50%
Legion of Merit
44%
Distinguished Flying Cross
41%
Air Medal
38%
Prisoner of War Medal
25%
Air Force Cross
22%
Soldier's Medal
22%
Defense Superior Service Medal
13%
Humanitarian Service Medal
13%
Joint Service Achievement Medal
13%
Meritorious Service Medal
13%
Aerial Achievement Medal
6%
Air Force Combat Action Medal
6%
Air Force Distinguished Service Medal
6%
Air Force Good Conduct Medal
6%
Combat Readiness Medal
3%
Defense Distinguished Service Medal
3%
No matching quizzes found
Score Distribution
Percent of People with Each Score
Percentile by Number Answered
Your Score History
You have not taken this quiz